La tradición clásica en el pensamiento de Francisco García Calderón
Uloženo v:
| Hlavní autor: | |
|---|---|
| Médium: | Kniha |
| Jazyk: | španělština |
| Vydáno: |
Viña del Mar
Pontificia Universidad Católica de Valparaíso
2002
|
| Témata: | |
| Tagy: |
Přidat tag
Žádné tagy, Buďte první, kdo vytvoří štítek k tomuto záznamu!
|
MARC
| LEADER | 00000nam a2200000 a 4500 | ||
|---|---|---|---|
| 001 | UCG1150 | ||
| 003 | CL-VaPUC | ||
| 005 | 20200827110546.0 | ||
| 008 | 100422e20020000cl 1 spa d | ||
| 082 | 0 | 4 | |a 199.85 |b HAM |2 21 |
| 100 | |a Hampe Martínez, Teodoro |e author |9 469931 | ||
| 245 | 1 | 3 | |a La tradición clásica en el pensamiento de Francisco García Calderón |
| 246 | 1 | 0 | |a XX Semana de Estudios Romanos |
| 260 | |a Viña del Mar |b Pontificia Universidad Católica de Valparaíso |c 2002 | ||
| 583 | |a last modification |c 20100422 00:00:00 |k Rodrigo Vera | ||
| 600 | 1 | 7 | |a GARCIA CALDERON, FRANCISCO |2 CL-VaPUC |9 443804 |
| 650 | 0 | 7 | |a FILOSOFOS PERUANOS |2 CL-VaPUC |9 487712 |
| 650 | 0 | 7 | |a DISCURSO POLITICO SIGLO 20 |2 CL-VaPUC |9 621567 |
| 650 | 0 | 7 | |a POLITICA ROMANA |2 CL-VaPUC |9 523263 |
| 650 | 0 | 7 | |a MUNDO CLASICO GRIEGO Y ROMANO |2 CL-VaPUC |9 621568 |
| 942 | |c BK | ||
| 945 | |a dcastane |d 20100422 00:00:00 | ||
| 546 | |a En Español | ||
| 536 | |a Pontificia Universidad Católica de Valparaíso. Instituto de Historia | ||
| 518 | |p Semana de Estudios Romanos, 20, Viña del Mar, 22 al 25 octubre 2002 | ||
| 999 | |c 384521 |d 384519 | ||
| 952 | |0 0 |1 0 |4 0 |6 199_850000000000000_HAM_2002 |7 0 |8 R |9 507310 |a BIBHIS |b BIBHIS |d 2020-01-23 |h vhs |i 4613414 |o 199.85 HAM 2002 |p 4613414 |r 2020-01-23 |w 2020-01-23 |y BK_R |k HIS | ||